ბათუმის შოთა რუსთაველის სახელმწიფო უნივერსიტეტის ბიბლიოთეკა

ხელშეშლამდგრადი კოდირების თეორიული საფუძვლები : (ბიბ.ჩანაწერი № 62136)

000 -ლიდერი
ფიქსირებული სიგრძის საკონტროლო ველი 01498nam a22002537a 4500
003 - საკონტროლო ნომრის იდენტიფიკატორი
საკონტროლო ველი Ge_BSU
005 - ბოლო ოპერაციის თარიღი და დრო
საკონტროლო ველი 20240719144214.0
008 - ფიქსირებული სიგრძის მონაცემთა ელემენტები - ზოგადი ინფორმაცია
ფიქსირებული სიგრძის საკონტროლო ველი 240719s2021 ge ||||| |||| 00| 0 geo d
020 ## - წიგნის საერთაშორისო სტანდარტული ნომერი
International Standard Book Number 9789941287657
041 ## - ენის კოდი
Language code of text/sound track or separate title geo
080 ## - უნივერსალური ათობითი კლასიფიკაციის ინდექსი
Universal Decimal Classification number 621.39(075.8) შ-15
100 ## - მთავარი ჩანაწერი - პიროვნების სახელი
Personal name შავგულიძე, სერგო
Relator term ავტორი.
9 (RLIN) 10686
245 ## - ცნობა სათაურის შესახებ
Title ხელშეშლამდგრადი კოდირების თეორიული საფუძვლები :
Remainder of title [სახელმძღვანელო] /
Statement of responsibility, etc სერგო შავგულიძე, ნოდარ უღრელიძე, თეიმურაზ მთვრალაშვილი ; რედაქტორი ბ. ცხადაძე
264 ## - წარმოების, გამოცემის, დისტრიბუციის და სხვა ცნობები
გამოცემის, წარმოების, დისტრიბუციის... ადგილი თბილისი :
გამოცემის, წარმოების, დისტრიბუციის... სახელწოდება ტექნიკური უნივერსიტეტი,
გამოცემის, წარმოების, დისტრიბუციის... თარიღი 2021.
300 ## - ფიზიკური აღწერა
Extent 204 გვ. ;
Other physical details 20 სმ.
504 ## - BIBLIOGRAPHY, ETC. NOTE
Bibliography, etc ბიბლიოგრაფია: გვ. 198-201.
653 ## - INDEX TERM--UNCONTROLLED
Uncontrolled term კავშირგაბმულობის სისტემები
653 ## - INDEX TERM--UNCONTROLLED
Uncontrolled term კავშირგაბმულობა
700 ## - ADDED ENTRY--PERSONAL NAME
Personal name უღრელიძე, ნოდარ
9 (RLIN) 10685
700 ## - ADDED ENTRY--PERSONAL NAME
Personal name მთვრალაშვილი, თეიმურაზ,
9 (RLIN) 22887
700 ## - ADDED ENTRY--PERSONAL NAME
Personal name ცხადაძე, ბ
Relator term რედაქტორი
9 (RLIN) 6516
710 ## - ADDED ENTRY--CORPORATE NAME
Corporate name or jurisdiction name as entry element საქართველოს ტექნიკური უნივერსიტეტი.
9 (RLIN) 22888
942 ## - ADDED ENTRY ELEMENTS (KOHA)
Source of classification or shelving scheme
Koha item type წიგნი
ეგზემპლარები
ჩამოწერის სტატუსი დაკარგული ეგზემპლარის სტატუსი კლასიფიკაციის წყარო ან თაროზე გაწყობის სქემა დაზიანების სტატუსი არ გაიცემა მუდმივი მდებარეობა (დაცვის ადგილი) ამჟამინდელი ადგილსამყოფელი თაროზე განთავსების ადგილი შეძენის თარიღი ღირებულება, შესყიდვის ნორმალური ფასი სრული შენახვის შიფრი შტრიხკოდი ბოლო ოპერაციის თარიღი ეგზემპლარის მიმდევრობითი ნომერი (კეტერი?) ფასის ძალაში შესვლის თარიღი ეგზემპლარის სახეობა საჯარო შენიშვნა
          ტექნოლოგიური ფაკულტეტის ბიბლიოთეკა ტექნოლოგიური ფაკულტეტის ბიბლიოთეკა წიგნსაცავი 2024-07-19 4.00 621.39(075.8) შ-15 68800 2024-07-19 68800 2024-07-19 წიგნი 4ლ.90თ.
          ტექნოლოგიური ფაკულტეტის ბიბლიოთეკა ტექნოლოგიური ფაკულტეტის ბიბლიოთეკა წიგნსაცავი 2024-07-19 4.00 621.39(075.8) შ-15 68801 2024-07-19 68801 2024-07-19 წიგნი 4ლ.90თ.
          ტექნოლოგიური ფაკულტეტის ბიბლიოთეკა ტექნოლოგიური ფაკულტეტის ბიბლიოთეკა წიგნსაცავი 2024-07-19 4.00 621.39(075.8) შ-15 68802 2024-07-19 68802 2024-07-19 წიგნი 4ლ.90თ.
          ტექნოლოგიური ფაკულტეტის ბიბლიოთეკა ტექნოლოგიური ფაკულტეტის ბიბლიოთეკა წიგნსაცავი 2024-07-19 4.00 621.39(075.8) შ-15 68803 2024-07-19 68803 2024-07-19 წიგნი 4ლ.90თ.
          ტექნოლოგიური ფაკულტეტის ბიბლიოთეკა ტექნოლოგიური ფაკულტეტის ბიბლიოთეკა წიგნსაცავი 2024-07-19 4.00 621.39(075.8) შ-15 68804 2024-07-19 68804 2024-07-19 წიგნი 4ლ.90თ.
          ტექნოლოგიური ფაკულტეტის ბიბლიოთეკა ტექნოლოგიური ფაკულტეტის ბიბლიოთეკა წიგნსაცავი 2024-07-19 4.00 621.39(075.8) შ-15 68805 2024-07-19 68805 2024-07-19 წიგნი 4ლ.90თ.
          ტექნოლოგიური ფაკულტეტის ბიბლიოთეკა ტექნოლოგიური ფაკულტეტის ბიბლიოთეკა წიგნსაცავი 2024-07-19 4.00 621.39(075.8) შ-15 68806 2024-07-19 68806 2024-07-19 წიგნი 4ლ.90თ.
          ტექნოლოგიური ფაკულტეტის ბიბლიოთეკა ტექნოლოგიური ფაკულტეტის ბიბლიოთეკა წიგნსაცავი 2024-07-19 4.00 621.39(075.8) შ-15 68807 2024-07-19 68807 2024-07-19 წიგნი 4ლ.90თ.
          ტექნოლოგიური ფაკულტეტის ბიბლიოთეკა ტექნოლოგიური ფაკულტეტის ბიბლიოთეკა წიგნსაცავი 2024-07-19 4.00 621.39(075.8) შ-15 68808 2024-07-19 68808 2024-07-19 წიგნი 4ლ.90თ.
          ტექნოლოგიური ფაკულტეტის ბიბლიოთეკა ტექნოლოგიური ფაკულტეტის ბიბლიოთეკა წიგნსაცავი 2024-07-19 4.00 621.39(075.8) შ-15 68809 2024-07-19 68809 2024-07-19 წიგნი 4ლ.90თ.